Learning Resource and Development

Chest diseases: case studies; (Record no. 21111)

MARC details
000 -LEADER
fixed length control field 01376cam a2200361 4500
001 - CONTROL NUMBER
control field chestdiseasescas00balc
003 - CONTROL NUMBER IDENTIFIER
control field CaSfIA
005 - DATE AND TIME OF LATEST TRANSACTION
control field 20230525155017.0
007 - PHYSICAL DESCRIPTION FIXED FIELD--GENERAL INFORMATION
fixed length control field cr||||
008 - FIXED-LENGTH DATA ELEMENTS--GENERAL INFORMATION
fixed length control field 730320s1973 nyua 001 0 eng
010 ## - LIBRARY OF CONGRESS CONTROL NUMBER
LC control number 73156686
040 ## - CATALOGING SOURCE
Original cataloging agency DLC
Transcribing agency DLC
Modifying agency OCL
-- MCL
-- OCL
-- EYM
-- CaSfIA
019 ## -
-- 690875
-- 791717
020 ## - INTERNATIONAL STANDARD BOOK NUMBER
International Standard Book Number 0874880122
020 ## - INTERNATIONAL STANDARD BOOK NUMBER
International Standard Book Number 9780874880120
035 ## - SYSTEM CONTROL NUMBER
System control number (OCoLC)601437
Canceled/invalid control number (OCoLC)690875
-- (OCoLC)791717
050 #0 - LIBRARY OF CONGRESS CALL NUMBER
Classification number RC941
Item number .B18
082 ## - DEWEY DECIMAL CLASSIFICATION NUMBER
Classification number 617/.54/0077
096 ## - LOCALLY ASSIGNED NLM-TYPE CALL NUMBER (OCLC)
Classification number WF970
Item number .B174c 1973
029 1# - OTHER SYSTEM CONTROL NUMBER (OCLC)
OCLC library identifier NLGGC
System control number 78406279X
029 1# - OTHER SYSTEM CONTROL NUMBER (OCLC)
OCLC library identifier NZ1
System control number 4515300
029 1# - OTHER SYSTEM CONTROL NUMBER (OCLC)
OCLC library identifier AU@
System control number 000000542839
100 1# - MAIN ENTRY--PERSONAL NAME
Personal name Balchum, Oscar J.
245 10 - TITLE STATEMENT
Title Chest diseases: case studies;
Medium [electronic resource]
Remainder of title a compilation of 61 case histories related to chest diseases,
Statement of responsibility, etc. by Oscar J. Balchum and Ralph C. Jung.
260 ## - PUBLICATION, DISTRIBUTION, ETC.
Place of publication, distribution, etc. Flushing, N.Y.,
Name of publisher, distributor, etc. Medical Examination Pub. Co.
Date of publication, distribution, etc. [1973]
300 ## - PHYSICAL DESCRIPTION
Extent 227 p.
Other physical details illus.
Dimensions 22 cm.
650 #0 - SUBJECT ADDED ENTRY--TOPICAL TERM
Topical term or geographic name entry element Chest
General subdivision Diseases
Form subdivision Case studies.
650 #2 - SUBJECT ADDED ENTRY--TOPICAL TERM
Topical term or geographic name entry element Thoracic Diseases
General subdivision diagnosis
Form subdivision Case Reports.
650 #2 - SUBJECT ADDED ENTRY--TOPICAL TERM
Topical term or geographic name entry element Thoracic Diseases
General subdivision therapy
Form subdivision Case Reports.
700 1# - ADDED ENTRY--PERSONAL NAME
Personal name Jung, Ralph C.,
Relator term joint author.
856 41 - ELECTRONIC LOCATION AND ACCESS
Uniform Resource Identifier <a href="http://www.archive.org/details/chestdiseasescas00balc">http://www.archive.org/details/chestdiseasescas00balc</a>
Public note Free eBook from the Internet Archive
856 42 - ELECTRONIC LOCATION AND ACCESS
Uniform Resource Identifier <a href="http://www.openlibrary.org/books/OL5454506M">http://www.openlibrary.org/books/OL5454506M</a>
Public note Additional information and access via Open Library
Holdings
Withdrawn status Lost status Damaged status Not for loan Collection Home library Current library Date acquired Total Checkouts Date last seen Price effective from Koha item type
        Project Gutenberg Main Library Main Library 05/25/2023   05/25/2023 05/25/2023 EBooks